[Event "Tungsram"]
[Site "Budapest"]
[Date "1977.??.??"]
[Round "?"]
[White "Csom, Istvan"]
[Black "Vadasz, Laszlo"]
[Result "0-1"]
[WhiteElo "2535"]
[BlackElo "2495"]

1.Nf3 Nf6 2.c4 c5 3.Nc3 d5 4.cxd5 Nxd5 5.g3 Nc6 6.Bg2 Nc7 7.Qa4 Bd7 8.Qe4 g6
9.Ne5 Bg7 10.Nxd7 Qxd7 11.Qa4 O-O 12.d3 Ne6 13.Bxc6 bxc6 14.Bd2 Rfb8 15.Rb1 a5
16.Qd1 Bxc3 17.Bxc3 Qd5 18.O-O Qxa2 19.Ra1 Qb3 20.Ra3 Qxd1 21.Rxd1 Nd4 22.Kf1 a4
23.Bxd4 cxd4 24.Rda1 Rxb2 25.Rxa4 Rxa4 26.Rxa4 c5 27.Ra7 Kf8 28.h3 h5 29.Ra5 Rc2
30.Ra8+ Kg7 31.Ra7 Kf6 32.Ra6+ e6 33.Rc6 g5 34.Rc7 g4 35.h4 Kg6 36.e3 dxe3
37.fxe3 Rd2 38.Rxc5 Rxd3 39.Ke2 Ra3 40.Rg5+ Kh6 41.Rb5 Ra2+ 42.Kf1 Rd2 43.e4 Rd4
44.Re5 Rd6 45.Rb5 f6 46.Rb4 e5 47.Ke2 Ra6 48.Rb2 Ra3 49.Kf2 Rf3+ 50.Kg2 Re3
51.Rb4 Re2+ 52.Kf1 Rd2 53.Ke1 Rd3 54.Kf2 Kg6 55.Rb2 Rf3+ 56.Kg2 Re3 57.Rb4 Re2+
58.Kf1 Rd2 59.Rb3 Rd4 60.Re3 Ra4 61.Re2 f5 62.exf5+ Kxf5 63.Re3 Ra1+ 64.Ke2 Ra2+
65.Kf1 Rc2 66.Ra3 Ke4 67.Ra4+ Kd3 68.Ra5 e4 69.Rd5+ Ke3 70.Rxh5 Kf3 71.Rf5+ Kxg3
72.h5 Rc6 73.Ke2 Kh3 74.Rf1 g3 75.Rh1+ Kg4 76.h6 g2 77.Rb1 Rxh6 78.Kf2 Rh1  0-1

[Event "Tungsram"]
[Site "Budapest"]
[Date "1977.??.??"]
[Round "?"]
[White "Ornstein, Axel"]
[Black "Spassov, Liuben"]
[Result "1-0"]
[WhiteElo "2440"]
[BlackElo "2480"]

1.c4 Nf6 2.Nc3 e6 3.Nf3 c5 4.e3 Nc6 5.d4 d5 6.cxd5 exd5 7.Be2 a6 8.O-O cxd4
9.Nxd4 Bc5 10.Nxc6 bxc6 11.b3 O-O 12.Bb2 Qd6 13.Rc1 Ba7 14.Bf3 Bb8 15.g3 Bh3
16.Re1 Ba7 17.Na4 Rfd8 18.Bd4 Ne4 19.Bxa7 Rxa7 20.Bxe4 dxe4 21.Qxd6 Rxd6
22.Nc5 f5 23.Red1 Rf6 24.Rc4 a5 25.Ra4 Rf8 26.Rd6 Rc8 27.Ne6 h6 28.Nf4 Bg4
29.h3 Bf3 30.Ne6 Be2 31.Rad4 a4 32.Rxa4 Rxa4 33.bxa4 c5 34.a5 c4 35.Nd4 Bd3
36.a6 c3 37.a7 Ra8 38.Rd7 c2 39.Nb3 Kh7 40.f4 exf3 41.Rxd3 Rxa7 42.Nc1  1-0

[Event "Tungsram"]
[Site "Budapest"]
[Date "1977.??.??"]
[Round "?"]
[White "Spassov, Liuben"]
[Black "Pinter, Jozsef"]
[Result "1/2-1/2"]
[WhiteElo "2480"]
[BlackElo "2445"]

1.Nf3 Nf6 2.c4 c5 3.Nc3 d5 4.cxd5 Nxd5 5.d4 e6 6.e4 Nxc3 7.bxc3 cxd4 8.cxd4 Nc6
9.a3 Be7 10.Bc4 b5 11.Ba2 O-O 12.O-O a6 13.Bb2 Bb7 14.Qd3 Na5 15.Ne5 Bd6
16.f4 Rc8 17.Rae1 Bxe5 18.fxe5 Nc4 19.Bxc4 bxc4 20.Qd2 Qh4 21.Rf4 Qh6 22.Bc3 f5  1/2-1/2

[Event "YMCA"]
[Site "Buenos Aires"]
[Date "1977.??.??"]
[Round "1"]
[White "Panno, Oscar"]
[Black "Szmetan, Jorge"]
[Result "1-0"]
[WhiteElo "2550"]
[BlackElo "2435"]

1.c4 Nf6 2.Nc3 c5 3.Nf3 e6 4.g3 b6 5.Bg2 Bb7 6.O-O Be7 7.d4 cxd4 8.Qxd4 O-O
9.Rd1 d6 10.b3 Nbd7 11.Bb2 a6 12.e4 Qb8 13.Ne1 Re8 14.Nc2 Bf8 15.Rd2 Nc5
16.h3 Ra7 17.Kh2 Ba8 18.Rad1 Rc7 19.e5 dxe5 20.Qxe5 Bxg2 21.Kxg2 Qb7+ 22.f3 b5
23.cxb5 axb5 24.Nxb5 Rc6 25.Qe2 e5 26.Nd6 Bxd6 27.Rxd6 Rxd6 28.Rxd6 e4 29.Bxf6 gxf6
30.Nd4 exf3+ 31.Qxf3 Ne4 32.Rc6 Qb4 33.Rc4 Qd2+ 34.Qe2 Qxe2+ 35.Nxe2 Nd2
36.Rg4+ Kf8 37.Nd4 Ra8 38.Rf4 Nb1 39.a4 Rb8 40.Rxf6 Nd2 41.Rf2 Ne4 42.Rc2 Kg7
43.a5 Rd8 44.Rc4 Kf6 45.a6 Ra8 46.Nf3 Nd6 47.Rc6 Ke6 48.b4  1-0

[Event "YMCA"]
[Site "Buenos Aires"]
[Date "1977.??.??"]
[Round "2"]
[White "Sanguineti, Raul"]
[Black "Rubinetti, Jorge A"]
[Result "1/2-1/2"]
[WhiteElo "2505"]
[BlackElo "2420"]

1.c4 c5 2.Nf3 Nf6 3.Nc3 d5 4.cxd5 Nxd5 5.g3 Nc6 6.d4 cxd4 7.Nxd4 Nxc3 8.bxc3 Qd5
9.f3 Nxd4 10.cxd4 e5 11.dxe5 Bb4+ 12.Bd2 Bxd2+ 13.Qxd2 Qxe5 14.Rd1 O-O 15.Bg2 Be6
16.O-O  1/2-1/2

[Event "Club Argentino"]
[Site "Buenos Aires"]
[Date "1977.??.??"]
[Round "3"]
[White "Sanguineti, Raul"]
[Black "Cuasnicu, Oscar"]
[Result "1-0"]
[WhiteElo "2505"]
[BlackElo "2400"]

1.Nf3 Nf6 2.c4 c5 3.Nc3 e6 4.g3 Be7 5.Bg2 O-O 6.O-O d5 7.cxd5 Nxd5 8.d4 Nc6
9.Nxd5 exd5 10.Be3 c4 11.Ne5 f6 12.Nxc6 bxc6 13.b3 Ba6 14.bxc4 Bxc4 15.Qc2 Qc8
16.Be4 f5 17.Bd3 Bxd3 18.Qxd3 Bd6 19.Bf4 Bxf4 20.gxf4 Rf6 21.Rfb1 Rb8 22.Qe3 Rb6
23.Qe7 Qe6 24.Qxe6+ Rxe6 25.e3 Kf7 26.Rb3 Re7 27.Rc1 Reb7 28.Rxc6 Ke7 29.Rbc3 Kd7
30.R6c5 Kd6 31.Ra5 Rc6 32.Rca3 Rcc7 33.Kg2 Ke6 34.Ra6+ Ke7 35.R3a5 Rd7 36.Rc6 Rb6
37.Ra6 Rxc6 38.Rxc6 Rb7 39.Ra6 Kd7 40.h4 Kc7 41.a4 Kd7 42.h5 Ke7 43.Kg3 h6
44.Rg6 Kd8 45.Rd6+ Rd7 46.Rxd7+  1-0

[Event "Club Argentino"]
[Site "Buenos Aires"]
[Date "1977.??.??"]
[Round "10"]
[White "Sanguineti, Raul"]
[Black "Seidler, A."]
[Result "1-0"]
[WhiteElo "2505"]
[BlackElo "2415"]

1.Nf3 Nf6 2.c4 c5 3.Nc3 b6 4.g3 Bb7 5.Bg2 g6 6.b3 Bg7 7.Bb2 O-O 8.O-O e6
9.d4 cxd4 10.Nxd4 Bxg2 11.Kxg2 d5 12.cxd5 Nxd5 13.Rc1 Na6 14.Nc6 Qg5 15.e4 Nxc3
16.Bxc3 Bxc3 17.Rxc3 e5 18.Qd5 Rac8 19.f4 Rxc6 20.Rxc6 Qg4 21.Qd1 Qxd1 22.Rxd1 exf4
23.gxf4 Re8 24.e5 Re7 25.Kg3 Nc5 26.Rd8+ Kg7 27.Rcc8 Ne6 28.Rg8+ Kh6 29.Kg4 Rd7
30.Rc3 Ng7 31.Rh3+ Nh5 32.Rxh5+ gxh5+ 33.Kf5 Rd2 34.h4 Rh2 35.Ra8 Rxa2 36.Kf6 b5
37.f5 Rf2 38.Rxa7 b4 39.Ra6 Ra2 40.Rd6 Ra7 41.e6 fxe6 42.fxe6 Rf7+ 43.Ke5 Re7
44.Rd7 Re8 45.e7  1-0

[Event "CSR-ch int"]
[Site "Decin"]
[Date "1977.??.??"]
[Round "2"]
[White "Uhlmann, Wolfgang"]
[Black "Jansa, Vlastimil"]
[Result "1/2-1/2"]
[WhiteElo "2555"]
[BlackElo "2450"]

1.c4 Nf6 2.Nc3 c5 3.Nf3 e6 4.g3 b6 5.Bg2 Bb7 6.d4 cxd4 7.Qxd4 d6 8.O-O Be7
9.b3 a6 10.Bb2 O-O 11.Qe3 Qc7 12.Nd4 Bxg2 13.Kxg2 Nc6 14.f3 Rfd8 15.Rac1 Nxd4
16.Qxd4 Qb7 17.a4 d5 18.cxd5 Bc5  1/2-1/2

[Event "CSR-ch int"]
[Site "Decin"]
[Date "1977.??.??"]
[Round "5"]
[White "Rukavina, Josip"]
[Black "Alburt, Lev O"]
[Result "1/2-1/2"]
[WhiteElo "2410"]
[BlackElo "2505"]

1.Nf3 c5 2.c4 Nf6 3.Nc3 e6 4.g3 d5 5.cxd5 Nxd5 6.Bg2 Be7 7.O-O O-O 8.Nxd5 exd5
9.d4 Nc6 10.Be3 c4 11.Ne5 Bf5 12.Nxc6 bxc6 13.Qa4 Qb6 14.Rac1 a6 15.h3 g5
16.Bd2 Qxb2 17.Bc3 Qb5 18.Qd1 Rab8 19.Qd2 Qb7 20.Rfe1 Qd7 21.e4 dxe4 22.Bxe4 Bf6
23.d5 Bxc3 24.Qxc3 Bxe4 25.Rxe4 cxd5 26.Rd1 Rb5 27.Rxc4 Qxh3 28.Rc6 Qf5 29.Rxa6 Rb1
30.Rxb1 Qxb1+ 31.Kh2 Qf5 32.Rf6 Qe4 33.Qd2 Qe5 34.Rb6 Ra8 35.Rb5 Rd8 36.a4 h5
37.Qe3 Qxe3 38.fxe3 f6 39.a5 d4 40.exd4 Rxd4 41.Rb7 Ra4 42.Ra7 Ra2+ 43.Kh1 g4
44.a6 f5 45.Kg1 Ra1+ 46.Kg2 Ra2+ 47.Kg1 Ra3 48.Kh2 h4 49.gxh4 f4 50.h5 g3+
51.Kh3 Ra2 52.h6 Rh2+ 53.Kg4 Rxh6 54.Kf3 Rh2 55.Rb7 Rf2+ 56.Ke4 g2 57.a7 Ra2
58.Rb1 Rxa7 59.Kxf4 Rf7+ 60.Kg3  1/2-1/2

[Event "CSR-ch int"]
[Site "Decin"]
[Date "1977.??.??"]
[Round "7"]
[White "Meduna, Eduard"]
[Black "Suba, Mihai"]
[Result "1-0"]
[WhiteElo "2390"]
[BlackElo "2455"]

1.Nf3 Nf6 2.c4 c5 3.Nc3 e6 4.g3 b6 5.Bg2 Bb7 6.O-O a6 7.d4 cxd4 8.Qxd4 d6
9.b3 Nbd7 10.Bb2 Be7 11.e4 O-O 12.Qe3 Qc7 13.Nd4 Rfe8 14.Rfe1 Bf8 15.Qd2 Rad8
16.Rad1 Qb8 17.h3 Nc5 18.Re2 Qa8 19.Rde1 Rc8 20.Ba1 Red8 21.Qe3 g6 22.Rd1 Bg7
23.Ree1 Qb8 24.Bb2 Ba8 25.Qe2 Nfd7 26.Ba1 Ne5 27.Qe3 Nc6 28.Nce2 Nxd4 29.Bxd4 e5
30.Bb2 b5 31.cxb5 axb5 32.Nc3 b4 33.Nd5 Bxd5 34.Rxd5 Ne6 35.Qd2 Rc5 36.Bf1 Rxd5
37.Qxd5 Qa8 38.Qxa8 Rxa8 39.Ra1 Nc5 40.Bc4 Bh6 41.a4 Kf8 42.Bd5 Ra7 43.Ra2 Nd3
44.Ba1 Rc7 45.Bc4 Nc5 46.Bd5 Nd3 47.a5 Nc1 48.Ra4 Ne2+ 49.Kg2 Bd2 50.a6 Ra7
51.Ra2 Bc3 52.Rxe2 Bxa1 53.Bb7 Bd4 54.Rc2 Bc5 55.Kf1 Ke7 56.Ke2 Kd7 57.Kd3 Kc7
58.Kc4 Kb6 59.Kd5 Kb5 60.f4 f6 61.fxe5 fxe5 62.Rc1  1-0

[Event "CSR-ch int"]
[Site "Decin"]
[Date "1977.??.??"]
[Round "8"]
[White "Uhlmann, Wolfgang"]
[Black "Bednarski, Jacek B"]
[Result "1-0"]
[WhiteElo "2555"]
[BlackElo "2400"]

1.c4 Nf6 2.Nc3 c5 3.Nf3 d5 4.cxd5 Nxd5 5.e3 e6 6.d4 Nc6 7.Bd3 cxd4 8.exd4 Be7
9.O-O O-O 10.Re1 Bf6 11.Be4 Nce7 12.Ne5 Bd7 13.Qd3 g6 14.Bh6 Bg7 15.Qh3 Bc6
16.Bg5 Qa5 17.Qh4 Nf5 18.Bxf5 exf5 19.Nc4 Qa6 20.Nxd5 Bxd5 21.Ne3 Be4 22.f3 Rfe8
23.fxe4 Rxe4 24.Qg3 Bxd4 25.Kh1 Bxb2 26.Rab1 Be5 27.Qf2 f6 28.Bh6 Bd4 29.Qc2 Rae8
30.Qb3+ Qe6 31.Qxb7 Re7 32.Qa8+ Re8 33.Rb8 g5 34.Rxe8+ Qxe8 35.Qxe8+ Rxe8
36.Nc2 Rxe1+ 37.Nxe1 Bc5 38.Nf3 Kf7 39.h4 g4 40.Ng1 Bf2 41.h5 Ke6 42.Ne2  1-0

[Event "CSR-ch int"]
[Site "Decin"]
[Date "1977.??.??"]
[Round "11"]
[White "Spiridonov, Nikola"]
[Black "Giorgadze, Tamaz"]
[Result "0-1"]
[WhiteElo "2420"]
[BlackElo "2445"]

1.Nf3 Nf6 2.c4 c5 3.Nc3 d5 4.cxd5 Nxd5 5.g3 g6 6.d3 Bg7 7.Nxd5 Qxd5 8.Bg2 O-O
9.O-O Nc6 10.Be3 Bd7 11.Nd4 Qd6 12.Nxc6 Bxc6 13.Bxc6 Qxc6 14.Rc1 Qe6 15.Bxc5 b6
16.Ba3 Qxa2 17.Bxe7 Rfe8 18.Ba3 Bxb2 19.Bxb2 Qxb2 20.Rc2 Qe5 21.Qb1 Reb8
22.e3 b5 23.d4 Qe8 24.d5 a5 25.d6 b4 26.Rd1 a4 27.d7 Qf8 28.Rd3 b3 29.Rcd2 Qd8
30.e4 Ra7 31.e5 Ra6 32.h4 Rab6 33.h5 a3 34.e6 fxe6 35.hxg6 h6 36.Rf3 a2 37.Qb2 Ra6
38.Rd1 a1=Q 39.Rxa1 Rxa1+ 40.Qxa1 b2 41.Qb1 Qxd7 42.Kh2 Qc6 43.Rf6 Rb5 44.g4 Qd6+
45.Kh3 Qe5 46.Qc2 Rc5  0-1

[Event "CSR-ch int"]
[Site "Decin"]
[Date "1977.??.??"]
[Round "12"]
[White "Fernandez, Juan C"]
[Black "Jansa, Vlastimil"]
[Result "1/2-1/2"]
[WhiteElo "2420"]
[BlackElo "2450"]

1.c4 c5 2.Nf3 Nf6 3.Nc3 e6 4.g3 b6 5.Bg2 Bb7 6.O-O Be7 7.Re1 d5 8.cxd5 Nxd5
9.e4 Nb4 10.d4 cxd4 11.Nxd4 O-O 12.Be3 N8c6 13.Nxc6 Nxc6 14.Qa4 Ne5 15.Red1 Qe8
16.Qxe8 Rfxe8 17.Nb5 Red8 18.Bd4 Nc6 19.Bc3 a6 20.Nd4 Nxd4  1/2-1/2

[Event "CSR-ch int"]
[Site "Decin"]
[Date "1977.??.??"]
[Round "13"]
[White "Giorgadze, Tamaz"]
[Black "Alburt, Lev O"]
[Result "1/2-1/2"]
[WhiteElo "2445"]
[BlackElo "2505"]

1.c4 c5 2.Nf3 Nf6 3.Nc3 d5 4.cxd5 Nxd5 5.g3 Nc6 6.Bg2 e6 7.O-O Be7 8.d4 O-O
9.Nxd5 exd5 10.dxc5 Bxc5 11.a3 a5 12.Ne1 d4 13.Nd3 Bb6 14.Nf4 Re8 15.Nd5 Be6
16.e4 dxe3 17.Bxe3 Bxd5 18.Bxd5 Bxe3 19.fxe3 Rf8 20.Qb3 Qe7 21.e4 a4 22.Qc3 Rac8  1/2-1/2

[Event "CSR-ch int"]
[Site "Decin"]
[Date "1977.??.??"]
[Round "14"]
[White "Uhlmann, Wolfgang"]
[Black "Alburt, Lev O"]
[Result "1/2-1/2"]
[WhiteElo "2555"]
[BlackElo "2505"]

1.c4 Nf6 2.Nc3 c5 3.Nf3 e6 4.g3 d5 5.cxd5 Nxd5 6.Bg2 Be7 7.O-O O-O 8.Nxd5 exd5
9.d4 Nc6 10.dxc5 Bxc5 11.b3 Qf6 12.Rb1 Bf5 13.Bb2 Qe7 14.Rc1 Be4 15.Qd2 Bb6
16.Rfd1 Rad8 17.e3 Rfe8 18.a3 f6 19.b4 Qf7 20.Re1 Kh8 21.Rcd1 Qh5 22.Qe2 Kg8
23.Rd2 Qg4 24.Red1 Qc8 25.h3 Qd7 26.Bc3 Qe7 27.Kh2 g5 28.Nd4 Bxg2 29.Kxg2 Qe4+
30.Qf3 Bxd4 31.Bxd4 Kf7 32.b5 Qxf3+ 33.Kxf3 Ne5+ 34.Kg2 Nc4 35.Rd3 Rd7 36.a4 Ke6
37.Rc1 Rc8 38.Rdc3 a6 39.e4 Rcd8 40.exd5+ Rxd5 41.Re1+  1/2-1/2

[Event "CSR-ch int"]
[Site "Decin"]
[Date "1977.??.??"]
[Round "14"]
[White "Suba, Mihai"]
[Black "Giorgadze, Tamaz"]
[Result "0-1"]
[WhiteElo "2455"]
[BlackElo "2445"]

1.c4 c5 2.Nf3 Nf6 3.Nc3 d5 4.cxd5 Nxd5 5.g3 Nc6 6.Bg2 Nc7 7.O-O e5 8.d3 Be7
9.Nd2 Bd7 10.Nc4 O-O 11.Bxc6 Bxc6 12.Nxe5 Be8 13.e4 Bf6 14.Ng4 Bd4 15.Ne3 Bc6
16.Qe2 Qd7 17.Bd2 Rad8 18.Rad1 Rfe8 19.f4 f5 20.e5 b5 21.h3 b4 22.Nb1 Bxb2
23.Bxb4 Bxe5 24.fxe5 cxb4 25.Rxf5 g6 26.Ng4 Kh8 27.Rf2 h5 28.Nh2 Qd5 29.Nf3 Rf8
30.Nbd2 Qxd3 31.Qxd3 Rxd3 32.Rc1 Rc3 33.Rcf1 Ne6 34.Kh2 Rc2 35.Nh4 Rxf2+
36.Rxf2 Kg7  0-1

[Event "SVK-ch"]
[Site "Detva"]
[Date "1977.??.??"]
[Round "1"]
[White "Harasta, Vladimir"]
[Black "Novak, Ivan"]
[Result "1/2-1/2"]
[WhiteElo "2180"]
[BlackElo "2325"]

1.c4 Nf6 2.Nc3 c5 3.Nf3 d5 4.cxd5 Nxd5 5.g3 g6 6.Bg2 Bg7 7.O-O O-O 8.Qb3 Nb6
9.d3 Nc6 10.Na4 Be6 11.Qb5 Bd7 12.Nxb6 axb6 13.Qc4 Be6 14.Qh4 Bxa2 15.Bh6 e6
16.Ng5 Qf6 17.Bxg7 Qxg7 18.Ne4 Nd4 19.Nc3 Bb3 20.Rxa8 Rxa8 21.Bxb7 Rb8 22.Bg2 b5
23.Qf4 e5 24.Qd2 c4 25.e3 Ne6 26.dxc4 Bxc4 27.Ra1 Qf8 28.Ra7 Qd8 29.Rd7 Qa5
30.h4 Rd8 31.Rxd8+ Qxd8 32.Qxd8+ Nxd8 33.Bf1 Bxf1 34.Kxf1 b4 35.Na2 Nc6 36.Ke2 e4
37.Kd2 f5 38.Kc2 Kf7 39.Kb3 Ne5 40.Nc1 Ng4 41.Kxb4 Nxf2 42.Kc4 Nd1 43.b4 Nxe3+
44.Kc5 Ke6 45.b5 Nd5 46.Ne2 Ke5 47.b6 Nxb6 48.Kxb6 e3 49.Kc5 Ke4 50.Kc4 Kf3
51.Kd3 Kf2 52.Nd4 h6 53.Ne2 Kf3 54.Nf4 Kf2 55.Ne2 g5 56.hxg5 hxg5 57.Nd4 f4
58.gxf4 gxf4 59.Ke4  1/2-1/2

[Event "DDR-ch 26th"]
[Site "Frankfurt/Oder"]
[Date "1977.??.??"]
[Round "8"]
[White "Espig, Lutz"]
[Black "Espig, Thomas"]
[Result "1/2-1/2"]
[WhiteElo "2420"]
[BlackElo "2320"]

1.Nf3 c5 2.c4 Nf6 3.Nc3 b6 4.g3 Bb7 5.Bg2 e6 6.O-O Be7 7.d4 cxd4 8.Qxd4 d6
9.b3 O-O 10.Bb2 a6 11.Rfd1 Nbd7 12.h3 Qc7 13.Rac1 Rac8 14.Qe3  1/2-1/2

[Event "Favorite"]
[Site "Hamburg"]
[Date "1977.??.??"]
[Round "6"]
[White "Padevsky, Nikola"]
[Black "Rellstab, Ludwig Jr"]
[Result "1-0"]
[WhiteElo "2480"]
[BlackElo "2265"]

1.c4 c5 2.Nf3 Nf6 3.Nc3 e6 4.g3 d5 5.cxd5 exd5 6.d4 Nc6 7.Bg2 cxd4 8.Nxd4 Be7
9.O-O O-O 10.b3 Qa5 11.Bb2 Rd8 12.a3 Nxd4 13.Qxd4 Be6 14.b4 Qa6 15.Rfd1 Rac8
16.e3 Rc4 17.Qd2 Qb6 18.Ne2 Ne4 19.Qd3 Rdc8 20.Nd4 Nc5 21.bxc5 Qxb2 22.Nxe6 fxe6
23.Bxd5 Rc3 24.Bxe6+ Kh8 25.Qd7 Rf8 26.Ra2  1-0

[Event "Concordia"]
[Site "Hamburg"]
[Date "1977.??.??"]
[Round "7"]
[White "Kirov, Nino"]
[Black "Webb, Simon"]
[Result "1/2-1/2"]
[WhiteElo "2435"]
[BlackElo "2395"]

1.Nf3 Nf6 2.c4 g6 3.Nc3 c5 4.d4 cxd4 5.Nxd4 Nc6 6.g3 Bg7 7.Bg2 O-O 8.O-O Nxd4
9.Qxd4 d6 10.Qd3 Bf5 11.e4 Be6 12.b3 a6 13.Be3 Qa5 14.Bd4 Rab8 15.a4 Nd7
16.Bxg7 Kxg7 17.Rab1 Rfc8 18.f4 f6 19.Kh1 Nc5 20.Qe3 Nxb3 21.Rxb3  1/2-1/2

[Event "Las Palmas"]
[Site "Las Palmas"]
[Date "1977.??.??"]
[Round "13"]
[White "Tatai, Stefano"]
[Black "Karpov, Anatoly"]
[Result "0-1"]
[WhiteElo "2480"]
[BlackElo "2690"]

1.Nf3 c5 2.c4 Nf6 3.Nc3 d5 4.cxd5 Nxd5 5.g3 g6 6.Bg2 Bg7 7.Qa4+ Nc6 8.Ng5 e6
9.Nge4 Nb6 10.Qb5 c4 11.Na4 O-O 12.Nxb6 axb6 13.Qxc4 e5 14.Qc2 Nd4 15.Qb1 f5
16.Nc3 e4 17.d3 b5 18.Be3 b4 19.Nd1 Re8 20.dxe4 fxe4 21.Bxd4 Qxd4 22.a3 Bg4
23.Qc2 Qd3 24.exd3 exd3+ 25.Kd2 Re2+ 26.Kxd3 Rd8+ 27.Kc4 Rxc2+ 28.Kxb4 Rcd2
29.f3 Bf8+ 30.Ka5 Bd7  0-1

[Event "Le Havre"]
[Site "Le Havre"]
[Date "1977.??.??"]
[Round "2"]
[White "Gheorghiu, Florin"]
[Black "Ornstein, Axel"]
[Result "1/2-1/2"]
[WhiteElo "2545"]
[BlackElo "2440"]

1.c4 c5 2.Nf3 Nf6 3.Nc3 e6 4.g3 b6 5.Bg2 Bb7 6.d4 cxd4 7.Qxd4 Be7 8.O-O O-O
9.e4 d6 10.Qe3 a6 11.Nd4 Qc7 12.b3 Nc6 13.Bb2 Nxd4 14.Qxd4 Bc6 15.Rac1 Qb7
16.a4 Rac8 17.b4 Qb8 18.b5 Bb7 19.Qxb6 Nd7 20.Qa5 Ne5 21.bxa6 Nxc4 22.Qb5 Bxa6
23.Qxa6 Nxb2 24.Nb5 Rxc1 25.Rxc1 Nd3 26.Rc7 Bd8 27.Rc3 Nc5 28.Qxd6 Qxd6 29.Nxd6 Nxa4
30.Rc6 Bf6 31.Bf1 g5 32.f4 gxf4 33.gxf4 Bd4+ 34.Kg2 Rb8 35.Rc4 Rb2+ 36.Kh3 Bc5
37.Nxf7 Kxf7 38.Rxa4 Rf2  1/2-1/2

[Event "DSV-Turnier"]
[Site "Leipzig"]
[Date "1977.??.??"]
[Round "7"]
[White "Malich, Burkhard"]
[Black "Smejkal, Jan"]
[Result "1-0"]
[WhiteElo "2535"]
[BlackElo "2575"]

1.Nf3 c5 2.c4 Nf6 3.Nc3 d5 4.cxd5 Nxd5 5.e3 Nxc3 6.bxc3 g6 7.Bb5+ Nd7 8.O-O Bg7
9.d4 O-O 10.Ba3 b6 11.Rb1 Qc7 12.Qe2 Bb7 13.Rfd1 Rfd8 14.e4 Rac8 15.e5 Nf8
16.Ba6 Ne6 17.Bxb7 Qxb7 18.dxc5 Rxd1+ 19.Rxd1 bxc5 20.Qc4 Bh6 21.h4 Qb6 22.Qb3 Qxb3
23.axb3 Rb8 24.b4 a5 25.bxa5 Rb5 26.Bc1 Bxc1 27.Rxc1 Rxa5 28.g3 h6 29.Nd2 Ra2
30.Nc4 Ra4 31.Nd2 Kg7 32.Kg2 g5 33.h5 Nf8 34.Re1 Ra2 35.Nc4 Ra4 36.Nb6 e6
37.Nxa4  1-0

[Event "DSV-Turnier"]
[Site "Leipzig"]
[Date "1977.??.??"]
[Round "7"]
[White "Adamski, Jan"]
[Black "Boensch, Uwe"]
[Result "1/2-1/2"]
[WhiteElo "2470"]
[BlackElo "2440"]

1.c4 Nf6 2.Nc3 c5 3.Nf3 e6 4.d4 cxd4 5.Nxd4 a6 6.e3 Nc6 7.Be2 Be7 8.O-O O-O
9.b3 d6 10.Bb2 Bd7 11.Rc1 Qa5 12.a3 Nxd4 13.Qxd4 Bc6 14.Rfd1 Qg5 15.Bf1 Rfd8
16.b4 e5 17.Qd3 Bf3 18.Rd2 d5 19.cxd5 e4 20.Qd4 Bd6 21.h3 Be5 22.Qc4 b5 23.Qb3 Ng4
24.Ne2 Bh2+ 25.Kh1 Qh4 26.Ng1 Bd6 27.gxf3 Nxf2+ 28.Rxf2 Qxf2 29.Bg2 Rac8
30.Rf1 Qd2 31.Rd1 Qf2 32.Rf1 Qd2 33.Rd1  1/2-1/2

[Event "Lone Pine"]
[Site "Lone Pine"]
[Date "1977.??.??"]
[Round "3"]
[White "Benko, Pal C"]
[Black "Brasket, Curt J"]
[Result "1-0"]
[WhiteElo "2455"]
[BlackElo "2200"]

1.c4 Nf6 2.Nc3 e6 3.Nf3 c5 4.g3 Nc6 5.Bg2 d5 6.cxd5 Nxd5 7.O-O Nc7 8.Qa4 Bd7
9.Qe4 Be7 10.d4 cxd4 11.Nxd4 Bf6 12.Nb3 Qe7 13.Bf4 Bxc3 14.bxc3 Nd5 15.Bd2 O-O
16.c4 Nf6 17.Qe3 e5 18.Bc3 Ng4 19.Qc5 Qe6 20.Rfd1 Rfd8 21.h3 Nh6 22.Rd6 Qe8
23.Rad1 Nf5 24.R6d2 b6 25.Qa3 f6 26.c5 Nfe7 27.Qa6 Be6 28.cxb6 axb6 29.Qb5 Rdc8
30.Rd6 Bf7 31.R1d2 Rab8 32.Bb2 Rc7 33.Rc2 Rbc8 34.Qxb6 Bg6 35.Rc4 Bf5 36.Ba3 Ra7
37.Bc1 Rb8 38.Qe3 Nd4 39.Nxd4 exd4 40.Rcxd4 Rxa2 41.Bd2 Ra1+ 42.Kh2 Ng6 43.Bd5+ Kh8
44.Qxe8+ Rxe8 45.Bc6 Rf8 46.e4 Ne5  1-0

[Event "Lone Pine"]
[Site "Lone Pine"]
[Date "1977.??.??"]
[Round "4"]
[White "Lein, Anatoly"]
[Black "Peters, John A"]
[Result "0-1"]
[WhiteElo "2525"]
[BlackElo "2370"]

1.Nf3 c5 2.c4 Nf6 3.Nc3 d5 4.cxd5 Nxd5 5.e3 Nxc3 6.bxc3 g6 7.Qa4+ Nd7 8.e4 Bg7
9.e5 O-O 10.e6 fxe6 11.h4 Nb6 12.Qe4 e5 13.Bc4+ Kh8 14.Ng5 Bf5 15.Qe2 Qd6
16.g4 Nxc4 17.gxf5 Qd5 18.Qe4 Qxe4+ 19.Nxe4 gxf5 20.Nxc5 Rfc8 21.Ne6 Bf6
22.Rb1 Rc6 23.Ng5 Rb6 24.Rb3 e4 25.Ke2 Rxb3 26.axb3 Na5 27.Ba3 b6 28.Rg1 h6
29.Ne6 Rg8 30.Rh1 Kh7 31.h5 Nxb3 32.Rb1 Na5 33.Rb5 Nc4 34.Bc1 Rg1 35.Rb4 Ne5
36.Ra4 Nd3  0-1

[Event "Montilla"]
[Site "Montilla"]
[Date "1977.??.??"]
[Round "6"]
[White "Stean, Michael"]
[Black "Gligoric, Svetozar"]
[Result "1/2-1/2"]
[WhiteElo "2485"]
[BlackElo "2565"]

1.Nf3 Nf6 2.c4 c5 3.Nc3 e6 4.e3 Nc6 5.d4 d5 6.cxd5 exd5 7.Be2 cxd4 8.Nxd4 Bd6
9.O-O O-O 10.Ncb5 Bb8 11.b3 a6 12.Nxc6 bxc6 13.Nc3 Qd6 14.g3 Ba7 15.Bb2 Rd8
16.Bf3 Bh3 17.Re1 Qe5 18.Qc2 Qg5 19.Na4 Rac8 20.Bd4 c5 21.Nxc5 Bxc5 22.Bxc5 Bf5
23.Qc1 Nd7 24.b4 Ne5 25.Be2 Nd3 26.Bxd3  1/2-1/2

[Event "Rubinstein mem"]
[Site "Polanica Zdroj"]
[Date "1977.??.??"]
[Round "8"]
[White "Ivkov, Borislav"]
[Black "Filipowicz, Andrzej"]
[Result "1-0"]
[WhiteElo "2510"]
[BlackElo "2355"]

1.Nf3 c5 2.c4 Nf6 3.Nc3 e6 4.g3 Nc6 5.Bg2 a6 6.O-O Qc7 7.b3 d6 8.Bb2 Bd7
9.e3 Rb8 10.d4 b5 11.d5 Na5 12.dxe6 fxe6 13.Ng5 bxc4 14.Nce4 Nxe4 15.Bxe4 Bc6
16.Nxe6 Qf7 17.Ng5 Qe7 18.Qh5+ Kd7 19.Qg4+ Kc7 20.Bc3 Nb7 21.Ne6+ Kb6 22.Bxc6 Kxc6
23.bxc4 h5 24.Qf5 Rh6 25.Qf3+ Kd7 26.Nxf8+ Ke8 27.Rab1 d5 28.cxd5  1-0

[Event "Rubinstein mem"]
[Site "Polanica Zdroj"]
[Date "1977.??.??"]
[Round "11"]
[White "Adamski, Jan"]
[Black "Espig, Lutz"]
[Result "1-0"]
[WhiteElo "2470"]
[BlackElo "2485"]

1.c4 c5 2.Nf3 Nf6 3.Nc3 d5 4.cxd5 Nxd5 5.g3 Nc6 6.Bg2 Nc7 7.d3 e6 8.O-O Be7
9.e3 O-O 10.d4 cxd4 11.Nxd4 Nxd4 12.exd4 Bf6 13.Bf4 Ne8 14.Be5 Nd6 15.Qe2 a5
16.Rfd1 Ra6 17.Rac1 a4 18.h4 Qe7 19.Ne4 Nxe4 20.Bxe4 Bxe5 21.dxe5 f5 22.exf6 gxf6
23.Rd2 f5 24.Bxf5 Bd7 25.Rc7 Rd8 26.Qg4+ Kf8 27.Be4 Rb6 28.Bxb7  1-0

[Event "Rimavska Sobota"]
[Site "Rimavska Sobota"]
[Date "1977.??.??"]
[Round "4"]
[White "Liebert, Heinz"]
[Black "Palatnik, Semon"]
[Result "1/2-1/2"]
[WhiteElo "2435"]
[BlackElo "2480"]

1.c4 c5 2.Nf3 Nf6 3.Nc3 d5 4.cxd5 Nxd5 5.e3 Nxc3 6.bxc3 g6 7.Bb5+ Bd7 8.Qb3 Qc7
9.Rb1 b6 10.Qd5 Bxb5 11.Rxb5 Qc6 12.Qxc6+ Nxc6 13.d4 e6 14.O-O Rc8 15.Rd1 Na5
16.e4 Nc4 17.Rb1 Bg7 18.e5 O-O 19.Nd2 cxd4 20.cxd4 Rfd8 21.Nxc4 Rxc4 22.Be3 Kf8
23.Rd2 Ke8 24.Kf1 Rd5 25.Ke2 Kd7 26.f4 Bf8 27.Kd3 Ra4 28.Rc1 Be7 29.Bf2 h5
30.Rdc2 Bd8 31.Rc8 Rxa2 32.Bh4 Ke8 33.R1c7 Ra4 34.Re7+ Kf8 35.g3 Raxd4+ 36.Ke3 Rd3+
37.Ke2 Rd2+ 38.Ke1 Rd1+ 39.Ke2 R5d2+ 40.Ke3 Rd3+ 41.Ke2 R1d2+ 42.Ke1 Rd1+
43.Ke2 g5 44.Bxg5 Kg7 45.Re8 Bxg5 46.Rg8+ Kh7 47.fxg5 R1d2+ 48.Kf1 Rxh2 49.g6+ fxg6
50.Rh8+ Kg7 51.Rcg8+  1/2-1/2

[Event "Rimavska Sobota"]
[Site "Rimavska Sobota"]
[Date "1977.??.??"]
[Round "6"]
[White "Szymczak, Zbigniew"]
[Black "Palatnik, Semon"]
[Result "0-1"]
[WhiteElo "2390"]
[BlackElo "2480"]

1.Nf3 c5 2.c4 Nf6 3.Nc3 d5 4.cxd5 Nxd5 5.g3 Nc6 6.Bg2 e6 7.O-O Be7 8.Nxd5 exd5
9.d4 O-O 10.Be3 c4 11.Ne5 Bf5 12.Qa4 Nxe5 13.dxe5 d4 14.Bf4 c3 15.bxc3 dxc3
16.Bxb7 Rb8 17.Rfd1 Qc7 18.Bd5 Rb4 19.Qa6 c2 20.Rdc1 g5 21.Be3 Qxe5 22.Bb3 Rc8
23.Qxa7 Re4 24.a4 Rc3 25.Qa8+ Kg7 26.Bd5 Rexe3 27.fxe3 Qxe3+ 28.Kh1 Ra3 29.Qc6 Rxa1
30.Rxa1 Bc5  0-1

[Event "Rzeszow op"]
[Site "Rzeszow"]
[Date "1977.??.??"]
[Round "3"]
[White "Nowak, Ignacy"]
[Black "Radojevic, Zoran"]
[Result "1/2-1/2"]
[WhiteElo "2325"]
[BlackElo "2210"]

1.c4 Nf6 2.Nf3 c5 3.Nc3 g6 4.e4 d6 5.d4 cxd4 6.Nxd4 Bg7 7.Be2 O-O 8.O-O Nc6
9.Be3 Bd7 10.Rc1 Nxd4 11.Bxd4 Bc6 12.Bd3 Qd7 13.Re1 b6 14.Rc2 Bb7 15.Rd2 Rfc8
16.Bf1 Qe8 17.f3 Ba6 18.b3 Bb7 19.Qa1 Nh5 20.Bxg7 Nxg7 21.Nd1 Ne6 22.Ne3 Qf8
23.Qb2 Qg7 24.Qxg7+ Kxg7 25.Kf2 Kf8 26.g3 Bc6 27.Rc1 Rc7 28.h4 Rac8 29.Bh3 Bd7
30.Nd5 Rb7 31.Ke3 a5 32.Rdc2 Nc5 33.Bxd7 Nxd7 34.Nc3 Ne5  1/2-1/2

[Event "Sao Paulo"]
[Site "Sao Paulo"]
[Date "1977.??.??"]
[Round "2"]
[White "Vaganian, Rafael A"]
[Black "Benko, Pal C"]
[Result "1/2-1/2"]
[WhiteElo "2545"]
[BlackElo "2455"]

1.Nf3 Nf6 2.c4 c5 3.Nc3 g6 4.d4 cxd4 5.Nxd4 Nc6 6.Nc2 Bg7 7.e4 d6 8.Be2 O-O
9.O-O Nd7 10.Bd2 Nc5 11.b4 Ne6 12.Rb1 a5 13.a3 axb4 14.axb4 Ned4 15.Nxd4 Nxd4
16.Bd3 Ra3  1/2-1/2